Digitalizácia a automatizácia v priemysle - východiská
Globalizácia ako reálna etapa vývoja ľudskej spoločnosti, ktorá priniesla niektoré pozitíva, avšak v jej priebehu sa objavili aj negatívne vývojové črty. Hlavné hnacie sily technického pokroku - digitalizácia a automatizácia, umelá inteligencia a nanotechnológie.
Salvato in:
| Autore principale: | |
|---|---|
| Natura: | Capitolo di libro |
| Lingua: | slovacco |
| Soggetti: | |
| Tags: |
Nessun Tag, puoi essere il primo ad aggiungerne!!
|
MARC
| LEADER | 00000naa a2200000 4500 | ||
|---|---|---|---|
| 001 | 0209144 | ||
| 005 | 20220729111704.7 | ||
| 041 | 0 | |a slo | |
| 044 | |a SK | ||
| 245 | 1 | 0 | |a Digitalizácia a automatizácia v priemysle - východiská |c Milan Gregor |
| 520 | |a Globalizácia ako reálna etapa vývoja ľudskej spoločnosti, ktorá priniesla niektoré pozitíva, avšak v jej priebehu sa objavili aj negatívne vývojové črty. Hlavné hnacie sily technického pokroku - digitalizácia a automatizácia, umelá inteligencia a nanotechnológie. | ||
| 610 | 2 | 0 | |a pokrok technický |
| 610 | 2 | 0 | |a technológie nové |
| 610 | 2 | 0 | |a nanotechnológie |
| 610 | 2 | 0 | |a digitalizácia |
| 610 | 2 | 0 | |a efektívnosť rozvoja technického |
| 610 | 2 | 0 | |a globalizácia |
| 100 | 1 | |a Gregor, Milan | |